Detalles MARC
| 000 -CABECERA |
| campo de control de longitud fija |
01941cam a2200277 i 4500 |
| 001 - NÚMERO DE CONTROL |
| campo de control |
16188 |
| 003 - IDENTIFICADOR DEL NÚMERO DE CONTROL |
| campo de control |
DO-SdUEMH |
| 005 - FECHA Y HORA DE LA ÚLTIMA TRANSACCIÓN |
| campo de control |
20260122162530.0 |
| 007 - CAMPO FIJO DE DESCRIPCIÓN FÍSICA--INFORMACIÓN GENERAL |
| campo de control de longitud fija |
ta |
| 008 - DATOS DE LONGITUD FIJA--INFORMACIÓN GENERAL |
| campo de control de longitud fija |
211105s2008 dr b|||gr|||| 000 0 spa|d |
| 040 ## - FUENTE DE LA CATALOGACIÓN |
| Centro catalogador/agencia de origen |
DO-SdUEMH |
| Lengua de catalogación |
spa |
| Normas de descripción |
rda |
| 041 ## - CÓDIGO DE LENGUA |
| Código de lengua del texto/banda sonora o título independiente |
spa |
| 082 14 - NÚMERO DE LA CLASIFICACIÓN DECIMAL DEWEY |
| Colección |
Colección Dominicana |
| Número de clasificación |
RD324.65 R426E |
| Número de documento/Ítem |
R246e |
| 084 ## - OTRO NÚMERO DE CLASIFICACIÓN |
| Item number |
09-00518 |
| 110 ## - ENTRADA PRINCIPAL--NOMBRE DE ENTIDAD CORPORATIVA |
| Nombre de entidad corporativa o nombre de jurisdicción como elemento de entrada |
República Dominicana: Junta Central Electoral |
| 245 10 - MENCIÓN DE TÍTULO |
| Título |
Elecciones generales presidenciales 2008 : |
| Resto del título |
un proceso de cambios. El proceso electoral en gráficas / |
| 260 ## - PUBLICACIÓN, DISTRIBUCIÓN, ETC. |
| Date of publication, distribution, etc. |
2009 |
| 264 01 - PRODUCCIÓN, PUBLICACIÓN, DISTRIBUCIÓN, FABRICACIÓN Y COPYRIGHT |
| Lugar de producción, publicación, distribución, fabricación |
Santo Domingo : |
| Nombre del de productor, editor, distribuidor, fabricante |
Junta Central Electoral, |
| Fecha de producción, publicación, distribución, fabricación o copyright |
2009 |
| 300 ## - DESCRIPCIÓN FÍSICA |
| Extensión |
197, 215 páginas ; |
| Otras características físicas |
ilustraciones : |
| Dimensiones |
28 cm. |
| 336 ## - TIPO DE CONTENIDO |
| Fuente |
rdacontent |
| Término de tipo de contenido |
texto |
| Código de tipo de contenido |
txt |
| 337 ## - TIPO DE MEDIO |
| Fuente |
rdamedia |
| Nombre del tipo de medio |
sin mediación |
| Código del tipo de medio |
n |
| 338 ## - TIPO DE SOPORTE |
| Fuente |
rdacarrier |
| Nombre del tipo de soporte |
volumen |
| Código del tipo de soporte |
nc |
| 505 2# - NOTA DE CONTENIDO CON FORMATO |
| Nota de contenido con formato |
Elecciones 2008: un proceso de cambios -- Programa electoral general (PROGELEC 2008) -- Organización y desarrollo del proceso electoral -- Capacitación electoral -- Las juntas electorales -- Logística electoral 2008 -- Entrega de cédulas y actas de nacimiento en el exterior -- El padrón electoral -- Dirección administrativa, adecuación y acondicionamiento físico de juntas -- Sistema de cómputo electoral -- Resoluciones y disposiciones adoptadas -- Jornada del 16 de mayo de 2008 -- Observación nacional e internacional del proceso 2008 -- Proceso postelectoral: seguimiento, reforma constitucional y ley de partidos -- El proceso electoral en gráficas -- Presentación -- Capacitación electoral -- Materiales educativos -- Feria Internacional del Libro -- Recepción de pactos de alianzas y candidaturas -- Conformación de las juntas electorales -- Encuentros con medios de comunicación -- Voto dominicano en el exterior -- Visitas recibidas de la JCE -- Montaje del proceso electoral -- Remodelación y adecuación física de edificaciones -- Acto Dominicano Soy -- Observación internacional. |
| 942 ## - ELEMENTOS DE PUNTO DE ACCESO ADICIONAL (KOHA) |
| Fuente del sistema de clasificación o colocación |
Dewey Decimal Classification |
| Tipo de ítem Koha |
Libro |
| Suprimir en OPAC |
No |